[Event "26th EUR-ch"]
[Site "Katowice POL"]
[Date "2026.04.13"]
[Round "6.16"]
[White "Kazakouski, Valery"]
[Black "Ilinca, Felix-Antonio"]
[Result "1/2-1/2"]
[WhiteElo "2572"]
[BlackElo "2481"]
[EventDate "2026.04.07"]
[PlyCount "159"]

1.e4 c5 2.Nf3 e6 3.d4 cxd4 4.Nxd4 Nc6 5.Nc3 Qc7 6.Be3 a6 7.Qf3 b5 8.Qg3 
Qxg3 9.hxg3 Nxd4 10.Bxd4 Bb7 11.f3 Ne7 12.O-O-O Nc6 13.Be3 Bb4 14.g4 f6 
15.g5 fxg5 16.Bxg5 Be7 17.Be3 h5 18.Nb1 g5 19.Nd2 Rc8 20.Kb1 h4 21.Nb3 Ne5
22.Bd4 Bf6 23.c4 Bc6 24.cxb5 axb5 25.Bc3 Kf7 26.Nd4 Rb8 27.a3 Ng6 28.Bd3 
Be5 29.Rd2 Kf6 30.Rhd1 h3 31.gxh3 Rxh3 32.Bf1 Rg3 33.Rf2 Nf4 34.Rh2 Bxd4 
35.Bxd4+ Kg6 36.Rf2 Rf8 37.Be5 Rg1 38.Kc2 Rg3 39.Kd2 Rg1 40.Rc1 Rf7 41.Ke3
Rh1 42.Bd6 Nh5 43.Rh2 Rg1 44.Rg2 Rh1 45.Rgc2 Nf4 46.b4 Nh5 47.Bg2 Rh4 48.
Rg1 g4 49.Rh1 Rxh1 50.Bxh1 Nf6 51.Bg2 Rh7 52.fxg4 Nxg4+ 53.Kd4 Nf6 54.Rf2 
Rh5 55.Bf3 Rh3 56.Be5 Rh4 57.Rh2 Rxh2 58.Bxh2 Kf7 59.Bd6 Kg6 60.Ke5 Kf7 
61.Kf4 Kg7 62.Bg2 Kf7 63.Bf3 Kg7 64.Ke5 Kf7 65.Kd4 Kg6 66.Be5 Kf7 67.Bg3 
Ke7 68.Bh4 d6 69.Bg4 Kf7 70.Bf3 Ke7 71.Bh5 e5+ 72.Ke3 Ke6 73.Bg6 Ng4+ 74.
Kd3 Nf6 75.Bg5 Ke7 76.Bf5 Kf7 77.Ke3 Kg7 78.Bh4 Kf7 79.Kf3 Kg7 80.Ke3 
1/2-1/2

[Event "26th EUR-ch"]
[Site "Katowice POL"]
[Date "2026.04.13"]
[Round "6.17"]
[White "Dudin, Gleb"]
[Black "Mosesov, Danyil"]
[Result "1/2-1/2"]
[WhiteElo "2566"]
[BlackElo "2464"]
[EventDate "2026.04.07"]
[PlyCount "33"]

1.e4 e5 2.Nf3 Nc6 3.Bc4 Nf6 4.d3 Bc5 5.Be3 Bxe3 6.fxe3 d6 7.O-O O-O 8.Nc3 
Na5 9.Bb3 Nxb3 10.axb3 Ng4 11.Qe1 f5 12.h3 fxe4 13.Nxe4 Nf6 14.Qh4 Bf5 15.
Nxf6+ Rxf6 16.Rf2 Bg6 17.Raf1 1/2-1/2

[Event "26th EUR-ch"]
[Site "Katowice POL"]
[Date "2026.04.13"]
[Round "6.18"]
[White "Sokolovsky, Yahli"]
[Black "Levin, Guy"]
[Result "1/2-1/2"]
[WhiteElo "2559"]
[BlackElo "2462"]
[EventDate "2026.04.07"]
[PlyCount "45"]

1.e4 c6 2.d4 d5 3.Nd2 dxe4 4.Nxe4 Nf6 5.Nxf6+ exf6 6.c3 Bd6 7.Bd3 O-O 8.
Qc2 h6 9.Ne2 c5 10.Be3 Qc7 11.dxc5 Bxc5 12.Bf4 Qb6 13.O-O a5 14.Ng3 Nc6 
15.Rfe1 Be6 16.Bxh6 Ne5 17.Ne4 Nxd3 18.Qxd3 gxh6 19.Nxf6+ Kg7 20.Nh5+ Kh8 
21.Nf6 Kg7 22.Nh5+ Kh8 23.Nf6 1/2-1/2

[Event "26th EUR-ch"]
[Site "Katowice POL"]
[Date "2026.04.13"]
[Round "6.19"]
[White "Blomqvist, Erik"]
[Black "Moroni, Luca jr"]
[Result "1/2-1/2"]
[WhiteElo "2463"]
[BlackElo "2551"]
[EventDate "2026.04.07"]
[PlyCount "59"]

1.e4 e5 2.Nf3 Nc6 3.Bb5 a6 4.Ba4 Nge7 5.O-O d6 6.Re1 h6 7.d4 Bd7 8.c4 Ng6 
9.Nc3 Be7 10.Be3 exd4 11.Nxd4 O-O 12.Nxc6 Bxc6 13.Bxc6 bxc6 14.c5 Qb8 15.
b3 Rd8 16.cxd6 cxd6 17.Rc1 d5 18.exd5 cxd5 19.Bd4 Bb4 20.Re3 Qd6 21.Ne2 
Rac8 22.Rxc8 Rxc8 23.h3 a5 24.Rd3 Ne7 25.Be3 Qc7 26.Nf4 Qc2 27.Nxd5 Nxd5 
28.Rxd5 Qxd1+ 29.Rxd1 Rc2 30.a4 1/2-1/2

[Event "26th EUR-ch"]
[Site "Katowice POL"]
[Date "2026.04.13"]
[Round "6.20"]
[White "Aizenberg, Benny"]
[Black "Gavrilescu, David"]
[Result "1/2-1/2"]
[WhiteElo "2451"]
[BlackElo "2545"]
[EventDate "2026.04.07"]
[PlyCount "129"]

1.e4 e5 2.Nf3 Nc6 3.Bb5 a6 4.Ba4 d6 5.c4 Bg4 6.h3 Bxf3 7.Qxf3 Nf6 8.d3 g6 
9.Nc3 Nd7 10.Be3 Bg7 11.Nd5 O-O 12.h4 Nd4 13.Bxd4 exd4 14.Bxd7 Qxd7 15.
Nf6+ Bxf6 16.Qxf6 c5 17.h5 Qe6 18.Qh4 Kg7 19.f4 f5 20.hxg6 hxg6 21.Qh7+ 
Kf6 22.g4 Qf7 23.exf5 Qe8+ 24.Kf1 Rh8 25.Re1 Rxh7 26.Rxh7 Qg8 27.Re6+ Qxe6
28.fxe6 b5 29.cxb5 axb5 30.e7 d5 31.b3 c4 32.bxc4 dxc4 33.Ke2 Rxa2+ 34.Kf3
Ra8 35.Ke4 c3 36.g5+ Ke6 37.Kxd4 c2 38.e8=Q+ Rxe8 39.Rc7 Kf5 40.Rxc2 Kxf4 
41.Rc6 Kxg5 42.Rb6 Kf5 43.Rxb5+ Kf4 44.Rb7 g5 45.Rf7+ Kg3 46.Kc5 Rc8+ 47.
Kb5 Rd8 48.Kc4 g4 49.d4 Kg2 50.d5 g3 51.Kc5 Rg8 52.d6 Kg1 53.Ra7 g2 54.d7 
Kh2 55.Ra1 g1=Q+ 56.Rxg1 Kxg1 57.Kd6 Rg2 58.d8=Q Rd2+ 59.Kc7 Rxd8 60.Kxd8 
Kf2 61.Ke7 Ke1 62.Kf7 Kd2 63.Kf6 Kc3 64.Ke6 Kc2 65.Kf5 1/2-1/2

[Event "26th EUR-ch"]
[Site "Katowice POL"]
[Date "2026.04.13"]
[Round "6.21"]
[White "Kalogeris, Ioannis"]
[Black "Seemann, Jakub"]
[Result "1/2-1/2"]
[WhiteElo "2427"]
[BlackElo "2545"]
[EventDate "2026.04.07"]
[PlyCount "85"]

1.c4 e6 2.Nc3 d5 3.e3 Nf6 4.Nf3 Bd6 5.d4 b6 6.b3 O-O 7.Bb2 Bb7 8.Bd3 Nbd7 
9.O-O a6 10.Re1 Ne4 11.Ne2 Qf6 12.Qc2 Qh6 13.cxd5 exd5 14.Bxe4 dxe4 15.Ne5
f6 16.Qc4+ Kh8 17.Nxd7 Qxh2+ 18.Kf1 Rfd8 19.Nxf6 a5 20.Qe6 Ba6 21.Qh3 Qxh3
22.gxh3 gxf6 23.Rec1 Rg8 24.a4 Bh2 25.Ke1 Rg2 26.d5 Kg8 27.Bxf6 Rf8 28.Bh4
Rf5 29.Rc6 Rh5 30.Bd8 Rxh3 31.Rac1 Bd6 32.Bxc7 Bb4+ 33.Kf1 Rg5 34.Bg3 Rh1+
35.Kg2 Rxc1 36.Nxc1 Rxd5 37.Rxb6 Bd3 38.Bf4 Bc2 39.Ne2 Bxb3 40.Nc3 Rd2 41.
Nxe4 Bd5 42.Kf3 Rc2 43.Be5 1/2-1/2

[Event "26th EUR-ch"]
[Site "Katowice POL"]
[Date "2026.04.13"]
[Round "6.22"]
[White "Injac, Teodora"]
[Black "Kantor, Gergely"]
[Result "1-0"]
[WhiteElo "2410"]
[BlackElo "2544"]
[EventDate "2026.04.07"]
[PlyCount "115"]

1.d4 Nf6 2.c4 e6 3.Nc3 Bb4 4.e3 O-O 5.Bd3 d5 6.a3 dxc4 7.Bxc4 Bd6 8.Nf3 
Nc6 9.e4 e5 10.d5 Ne7 11.O-O a6 12.Re1 h6 13.h3 g5 14.h4 Ng4 15.hxg5 Bc5 
16.Rf1 Ng6 17.b4 Ba7 18.Ra2 hxg5 19.Bxg5 Qd6 20.Nh2 Nxh2 21.Kxh2 Kg7 22.
Kg1 Rh8 23.Ne2 Bg4 24.Ng3 Qd7 25.Be2 Bxe2 26.Qxe2 f6 27.Be3 Kg8 28.Rc1 Nf4
29.Qf3 Qh7 30.Bxf4 exf4 31.Qxf4 Bb6 32.Rac2 Rf8 33.Kf1 Qg6 34.Qf5 Qf7 35.
Qg4+ Qg7 36.Qxg7+ Kxg7 37.Ke2 Kg6 38.Nf5 Re8 39.f3 Rh5 40.Kd3 Rd8 41.Kc4 
Rh7 42.Kb3 Kg5 43.a4 Rdd7 44.a5 Ba7 45.Ka4 Kf4 46.Rc3 Bb8 47.g3+ Kg5 48.
Nd4 Kg6 49.Ne6 Rh8 50.Nc5 Rdh7 51.Nxb7 Rh3 52.Nc5 Rxg3 53.Nxa6 Ba7 54.Nxc7
Bd4 55.Rd3 Bb2 56.Rc2 Be5 57.a6 Rg1 58.a7 1-0

[Event "26th EUR-ch"]
[Site "Katowice POL"]
[Date "2026.04.13"]
[Round "6.23"]
[White "Kosakowski, Jakub"]
[Black "Dyachuk, Artem"]
[Result "1-0"]
[WhiteElo "2533"]
[BlackElo "2323"]
[EventDate "2026.04.07"]
[PlyCount "61"]

1.e4 e5 2.Nf3 Nc6 3.Bc4 Bc5 4.c3 Nf6 5.d3 d6 6.O-O O-O 7.h3 a5 8.Re1 Ba7 
9.Nbd2 Be6 10.Bb5 Ne7 11.d4 Ng6 12.Ba4 c6 13.Bc2 b5 14.Nf1 a4 15.Ng3 h6 
16.Be3 Qc7 17.Qd2 Rfe8 18.Nf5 d5 19.Bxh6 Nxe4 20.Bxe4 dxe4 21.Nxg7 exf3 
22.Nh5 f6 23.Nxf6+ Kf7 24.Nxe8 Rxe8 25.Qd3 Rg8 26.Rxe5 Qd6 27.Qxf3+ Ke8 
28.Re4 Kd7 29.Rae1 Qd5 30.Qf6 Bf5 31.Re5 1-0

[Event "26th EUR-ch"]
[Site "Katowice POL"]
[Date "2026.04.13"]
[Round "6.24"]
[White "Pasti, Aron"]
[Black "Malek, Jan"]
[Result "0-1"]
[WhiteElo "2388"]
[BlackElo "2533"]
[EventDate "2026.04.07"]
[PlyCount "130"]

1.e4 e5 2.Nf3 Nc6 3.Bb5 a6 4.Ba4 f5 5.d3 fxe4 6.dxe4 Nf6 7.O-O d6 8.Nc3 
Be7 9.h3 b5 10.Bb3 Na5 11.Bg5 c6 12.Qd3 Nxb3 13.axb3 O-O 14.Rfd1 Qe8 15.
Ne2 h6 16.Bxf6 Rxf6 17.Ng3 Bd8 18.Qe3 Rb8 19.Rd3 Bb6 20.Qd2 Qf8 21.Kh2 Bb7
22.Rf1 Rd8 23.b4 Kh7 24.b3 Bc7 25.Qe2 Qf7 26.Kg1 Rf8 27.Nh2 Bc8 28.Nh5 Rg6
29.Rf3 Qe7 30.Ng3 d5 31.c3 Be6 32.Rxf8 Qxf8 33.Nf3 Qf4 34.Ne1 dxe4 35.Qxe4
Bd5 36.Qc2 e4 37.c4 bxc4 38.bxc4 Be6 39.Kh1 Bf5 40.Qe2 a5 41.bxa5 e3 42.
Nf3 Be6 43.Qxe3 Qxe3 44.fxe3 Rxg3 45.a6 Bb6 46.Rb1 Bc5 47.Kh2 Rg6 48.Ne5 
Rf6 49.Nxc6 Bf5 50.Rf1 Rxc6 51.Rxf5 Bd6+ 52.Kg1 Rxa6 53.Kf2 Ra4 54.Rd5 Be7
55.Rd4 Kg6 56.Kf3 Kf5 57.Rf4+ Ke6 58.Re4+ Kd7 59.h4 Bf6 60.h5 Kc6 61.Kf4 
Ra3 62.g4 Bg5+ 63.Kf5 Rxe3 64.Rxe3 Bxe3 65.Kg6 Bd4 0-1

[Event "26th EUR-ch"]
[Site "Katowice POL"]
[Date "2026.04.13"]
[Round "6.25"]
[White "Zlatkov, Anton"]
[Black "Meshkovs, Nikita"]
[Result "0-1"]
[WhiteElo "2299"]
[BlackElo "2532"]
[EventDate "2026.04.07"]
[PlyCount "88"]

1.e4 c6 2.d4 d5 3.e5 Bf5 4.h4 h5 5.c4 e6 6.Nc3 Ne7 7.Nge2 Nd7 8.Ng3 Bg6 9.
Bg5 Qb6 10.Rc1 dxc4 11.Bxc4 Nf5 12.Nxf5 Bxf5 13.O-O Qb4 14.Bb3 Be7 15.a3 
Qb6 16.Bxe7 Kxe7 17.Bc2 Bxc2 18.Rxc2 Rad8 19.Rd2 Rh6 20.Ne4 Kf8 21.Kh1 Kg8
22.f4 f5 23.Nd6 Nf6 24.Nxf5 exf5 25.exf6 Rxf6 26.Re1 Qc7 27.Re5 Qf7 28.Qe2
Rfd6 29.Re7 Qg6 30.Qe5 Rd5 31.Qc7 Qg4 32.Kg1 Kh7 33.Rde2 Rg8 34.Qxb7 Rxd4 
35.Qxc6 Qxh4 36.Qc2 Qg4 37.Rf7 Rxf4 38.Rf2 Rc8 39.Rxf4 Rxc2 40.Rxg4 fxg4 
41.b4 g3 42.Kf1 h4 43.Rxa7 Rc1+ 44.Ke2 h3 0-1

[Event "26th EUR-ch"]
[Site "Katowice POL"]
[Date "2026.04.13"]
[Round "6.26"]
[White "Velten, Paul"]
[Black "Kovalenko, Igor"]
[Result "1/2-1/2"]
[WhiteElo "2500"]
[BlackElo "2685"]
[EventDate "2026.04.07"]
[PlyCount "310"]

1.d4 Nf6 2.c4 e6 3.Nf3 d5 4.Nc3 dxc4 5.e4 b5 6.e5 Nd5 7.Nxb5 Nb6 8.Nc3 Nc6
9.Bxc4 Nxc4 10.Qa4 Na5 11.d5 exd5 12.Bg5 Be7 13.Bxe7 Qxe7 14.Nxd5 Qd8 15.
O-O-O Bd7 16.Qf4 Be6 17.Nf6+ gxf6 18.Rxd8+ Rxd8 19.exf6 Rd6 20.Rd1 Kd7 21.
Ng5 Rb8 22.Nxe6 Rxd1+ 23.Kxd1 Kxe6 24.Qe4+ Kxf6 25.Qxh7 Rb5 26.f4 Rd5+ 27.
Ke1 Nd4 28.g4 Nc4 29.h4 Ne3 30.g5+ Ke6 31.Qe4+ Kd6 32.h5 Ndf5 33.Qb4+ Ke6 
34.Qb3 Ng2+ 35.Kf2 Nxf4 36.h6 Ng6 37.h7 a5 38.Qb8 Nd6 39.h8=Q Nxh8 40.Qxh8
Rxg5 41.Ke2 Kd7 42.Kd3 Rd5+ 43.Kc2 f5 44.Qf6 Kc6 45.a3 Rc5+ 46.Kd3 Kb5 47.
b3 Kc6 48.Qf8 Kb7 49.Kd2 Re5 50.Kd3 Re1 51.Qf6 Rd1+ 52.Kc2 Rd2+ 53.Kc1 Rd5
54.Kc2 Nb5 55.Kb2 Nd6 56.Kc2 Ne4 57.Qf7 Rc5+ 58.Kd3 Nd6 59.Qf8 Kc6 60.Qf6 
Rd5+ 61.Kc2 Rb5 62.Qh6 Re5 63.Kd3 Rc5 64.Qf6 Kb7 65.Qf8 Ne4 66.Qf7 Re5 67.
Kc2 Nc5 68.Qf8 Nd7 69.Qf7 Nb6 70.Qf6 Rd5 71.Kc3 Rb5 72.Kc2 Nc8 73.Qd4 Na7 
74.Qf6 Nc6 75.Kc3 Re5 76.Kd3 Rc5 77.Kd2 Nb8 78.Qd4 Rb5 79.Kc3 Na6 80.Kc2 
Nc5 81.Qd5+ Kb6 82.Qxf5 Rxb3 83.Qf6+ Kb7 84.Qg5 Rb6 85.Qd5+ Rc6 86.Kb2 Kb6
87.Qc4 Re6 88.Kb1 c6 89.Qc3 Re2 90.Qc4 Re3 91.Ka2 Re4 92.Qc2 a4 93.Qb1+ 
Kc7 94.Qc2 Kd6 95.Qd2+ Ke6 96.Kb2 Ke5 97.Kc3 Ne6 98.Qh2+ Kd5 99.Qh5+ Kd6 
100.Qh2+ Rf4 101.Qd2+ Kc7 102.Qe3 Kd7 103.Qd3+ Ke7 104.Qh3 Nc7 105.Qh7+ 
Kd6 106.Qh6+ Kc5 107.Kb2 Rf2+ 108.Ka1 Nd5 109.Qc1+ Kd6 110.Qh6+ Rf6 111.
Qc1 Rf4 112.Qe1 c5 113.Qe8 Rd4 114.Qf8+ Kc6 115.Qa8+ Kb5 116.Qe8+ Kc4 117.
Qe2+ Kc3 118.Kb1 Rd2 119.Qe1 Kd3 120.Qf1+ Kd4 121.Kc1 Rd3 122.Qf2+ Ne3 
123.Kb2 c4 124.Qf6+ Ke4 125.Qg6+ Kf3 126.Qh5+ Kg3 127.Qe5+ Kg2 128.Qe4+ 
Kg1 129.Kc1 Rd1+ 130.Kb2 Rd3 131.Kc1 Rxa3 132.Qf3 Rc3+ 133.Kd2 Rc2+ 134.
Ke1 Ng2+ 135.Kd1 Ra2 136.Kc1 a3 137.Qc3 Rf2 138.Qxa3 Nf4 139.Qg3+ Kf1 140.
Kd1 Ng2 141.Qh3 Rf4 142.Kd2 Kf2 143.Qh2 Rf3 144.Kc2 Rd3 145.Kb2 Rg3 146.
Qh8 Rb3+ 147.Kc1 Ne3 148.Qh4+ Ke2 149.Qh5+ Kd3 150.Qg6+ Kd4 151.Qg7+ Ke4 
152.Qg6+ Kf3 153.Qh5+ Kg2 154.Qg5+ Kf1 155.Qf4+ Ke2 1/2-1/2

[Event "26th EUR-ch"]
[Site "Katowice POL"]
[Date "2026.04.13"]
[Round "6.27"]
[White "Deac, Bogdan-Daniel"]
[Black "Paichadze, Luka"]
[Result "1-0"]
[WhiteElo "2655"]
[BlackElo "2490"]
[EventDate "2026.04.07"]
[PlyCount "119"]

1.d4 Nf6 2.c4 e6 3.Nc3 Bb4 4.g3 O-O 5.Bg2 d5 6.a3 Bxc3+ 7.bxc3 Nbd7 8.cxd5
exd5 9.Nh3 Nb6 10.O-O Bd7 11.f3 Re8 12.Nf2 Ba4 13.Qd3 Qd7 14.Rb1 a6 15.Re1
Bb5 16.Qd1 Na4 17.Qd2 Qc6 18.Bb2 Nd7 19.e4 Ndb6 20.Ba1 Nc4 21.Qc1 Qh6 22.
Qxh6 gxh6 23.Ng4 Kg7 24.Ne3 Nxe3 25.Rxe3 Nb6 26.Bb2 c5 27.Bc1 cxd4 28.cxd4
Rac8 29.e5 Rc2 30.Bh3 Bd7 31.Bxd7 Nxd7 32.a4 b6 33.f4 Rc4 34.Ra3 Kg6 35.
Be3 Kf5 36.h3 h5 37.Kg2 Ke6 38.g4 f5 39.Kf3 Rg8 40.Rg1 Rg6 41.Ra2 Rc8 42.
gxf5+ Kxf5 43.Rag2 Rxg2 44.Rxg2 h6 45.Rg7 Rc7 46.Ke2 b5 47.axb5 axb5 48.
Rf7+ Ke6 49.Rh7 Kf5 50.Rxh6 Ke4 51.e6 Nb8 52.Rxh5 Nc6 53.f5 Ra7 54.f6 Ra2+
55.Kf1 Ra8 56.Bd2 b4 57.Bxb4 Nxb4 58.Re5+ Kxd4 59.e7 Kxe5 60.f7 1-0

[Event "26th EUR-ch"]
[Site "Katowice POL"]
[Date "2026.04.13"]
[Round "6.28"]
[White "Navara, David"]
[Black "Pantsulaia, Levan"]
[Result "0-1"]
[WhiteElo "2643"]
[BlackElo "2472"]
[EventDate "2026.04.07"]
[PlyCount "82"]

1.e4 c6 2.d4 d5 3.e5 Bf5 4.Nf3 e6 5.Be2 c5 6.O-O Nc6 7.c3 Bg4 8.Nbd2 cxd4 
9.cxd4 a5 10.h3 Bh5 11.g4 Bg6 12.Nb1 h5 13.Nc3 hxg4 14.hxg4 Nh6 15.Nh2 Nf5
16.Bb5 Qh4 17.Bf4 Be7 18.Ne2 Bg5 19.Qc1 Ne7 20.Qe3 O-O-O 21.Qg3 Bxf4 22.
Qxf4 Rh7 23.f3 Rdh8 24.Rf2 Qh6 25.Rd1 Kd7 26.Rg2 f6 27.exf6 gxf6 28.Nf1 
Qg5 29.Nfg3 Nc8 30.Bd3 Bxd3 31.Rxd3 Nd6 32.Nh5 Rh6 33.Qxg5 fxg5 34.f4 Ne4 
35.Rf3 Kd6 36.a3 a4 37.fxg5 Nxg5 38.Rd3 e5 39.dxe5+ Nxe5 40.Rd1 Nh3+ 41.
Kh2 Nf2 0-1

[Event "26th EUR-ch"]
[Site "Katowice POL"]
[Date "2026.04.13"]
[Round "6.29"]
[White "Quparadze, Giga"]
[Black "Sargissian, Gabriel"]
[Result "1/2-1/2"]
[WhiteElo "2484"]
[BlackElo "2618"]
[EventDate "2026.04.07"]
[PlyCount "57"]

1.e4 e5 2.Nf3 Nc6 3.Bb5 a6 4.Ba4 Nf6 5.O-O Be7 6.Re1 b5 7.Bb3 O-O 8.a4 b4 
9.d4 d6 10.dxe5 Nxe5 11.Nxe5 dxe5 12.Qe2 Bc5 13.Be3 Bd4 14.Bxd4 Qxd4 15.
Rd1 Bg4 16.Rxd4 Bxe2 17.Rxb4 a5 18.Rb7 Rfc8 19.Ba2 Nxe4 20.Rb3 Bc4 21.Re3 
Bxa2 22.Rxe4 Bxb1 23.Rxb1 f6 24.f4 exf4 25.Rxf4 c5 26.b3 Rab8 27.Rc4 Rb4 
28.Rc3 Rd4 29.Re1 1/2-1/2

[Event "26th EUR-ch"]
[Site "Katowice POL"]
[Date "2026.04.13"]
[Round "6.30"]
[White "Indjic, Aleksandar"]
[Black "Lavrencic, Matic"]
[Result "1/2-1/2"]
[WhiteElo "2616"]
[BlackElo "2472"]
[EventDate "2026.04.07"]
[PlyCount "95"]

1.Nf3 d5 2.g3 Nf6 3.Bg2 e6 4.O-O Be7 5.d3 O-O 6.Bf4 Nc6 7.d4 h6 8.Qc1 b5 
9.Re1 Rb8 10.c3 g5 11.Be3 Ng4 12.a4 a6 13.axb5 axb5 14.b4 f5 15.Na3 Bd7 
16.Nc2 Rf7 17.Bd2 Nf6 18.Rf1 Ne4 19.Nce1 Ra8 20.Rxa8 Qxa8 21.Nd3 Qa2 22.
Rd1 Rg7 23.Nfe5 Nxe5 24.Nxe5 Bd6 25.Be1 Be8 26.f3 Nf6 27.Qa1 Qxa1 28.Rxa1 
Nd7 29.Ra8 Kf8 30.Nxd7+ Rxd7 31.e4 c6 32.h4 Rg7 33.Kf1 Ke7 34.e5 Bc7 35.
Bd2 Kd7 36.Kf2 Bd8 37.Bf1 Bc7 38.Bd3 Rg8 39.Ra7 Kc8 40.Ra1 Kd7 41.Rh1 Bd8 
42.Bc2 Be7 43.hxg5 hxg5 44.Rh6 Bf7 45.Ke2 Be8 46.g4 f4 47.Rh7 Bg6 48.Bxg6 
1/2-1/2

[Event "26th EUR-ch"]
[Site "Katowice POL"]
[Date "2026.04.13"]
[Round "6.31"]
[White "Saraci, Nderim"]
[Black "Korobov, Anton"]
[Result "1/2-1/2"]
[WhiteElo "2483"]
[BlackElo "2610"]
[EventDate "2026.04.07"]
[PlyCount "22"]

1.d4 Nf6 2.c4 g6 3.Nc3 Bg7 4.e4 d6 5.Nf3 O-O 6.Be2 e5 7.dxe5 dxe5 8.Qxd8 
Rxd8 9.Bg5 Re8 10.Nd5 Nxd5 11.cxd5 c6 1/2-1/2

[Event "26th EUR-ch"]
[Site "Katowice POL"]
[Date "2026.04.13"]
[Round "6.32"]
[White "Sipila, Vilka"]
[Black "Maurizzi, Marc`Andria"]
[Result "0-1"]
[WhiteElo "2479"]
[BlackElo "2608"]
[EventDate "2026.04.07"]
[PlyCount "84"]

1.e4 c5 2.Nf3 d6 3.d4 cxd4 4.Nxd4 Nf6 5.Nc3 a6 6.Be3 e5 7.Nb3 Be6 8.h3 Nc6
9.Nd5 Rc8 10.Bb6 Qd7 11.Nxf6+ gxf6 12.c4 f5 13.exf5 Bxf5 14.a3 Ne7 15.Na5 
d5 16.g4 Be4 17.f3 Bg6 18.f4 Be4 19.Rh2 Bh6 20.g5 Bg7 21.Bd3 Bxd3 22.Qxd3 
O-O 23.fxe5 Qe6 24.c5 Ng6 25.Kd1 Nxe5 26.Qe2 Rfe8 27.Rc1 d4 28.Qe4 d3 29.
Rh1 Qa2 30.Rh2 Qe6 31.Rh1 h6 32.c6 bxc6 33.Bd4 hxg5 34.Bxe5 Bxe5 35.Nc4 
Bf4 36.Qxe6 Rxe6 37.Rc3 Rd8 38.Rf1 d2 39.Rcf3 Rd4 40.b3 Rde4 41.Kc2 Rxc4+ 
42.bxc4 Re1 0-1

[Event "26th EUR-ch"]
[Site "Katowice POL"]
[Date "2026.04.13"]
[Round "6.33"]
[White "Muradli, Mahammad"]
[Black "Tutisani, Noe"]
[Result "1-0"]
[WhiteElo "2605"]
[BlackElo "2454"]
[EventDate "2026.04.07"]
[PlyCount "105"]

1.d4 Nf6 2.c4 g6 3.Nc3 d5 4.cxd5 Nxd5 5.e4 Nxc3 6.bxc3 Bg7 7.Bc4 c5 8.Ne2 
Nc6 9.Be3 O-O 10.Rc1 cxd4 11.cxd4 Qa5+ 12.Rc3 b5 13.Bb3 Bb7 14.O-O Rad8 
15.Rc5 Qa6 16.d5 Na5 17.Nd4 Rc8 18.Nc2 Nc4 19.Bd4 Bxd4 20.Qxd4 Qb6 21.Rxc8
Rxc8 22.Qd3 a5 23.Bxc4 Rxc4 24.Ne3 Qd4 25.Qa3 Qxe4 26.Nxc4 bxc4 27.Qc3 
Qxd5 28.f3 Qc5+ 29.Kh1 f6 30.Re1 Kf7 31.Qe3 Qxe3 32.Rxe3 Bc6 33.f4 e6 34.
Kg1 Ke7 35.Kf2 Kd6 36.Rh3 h5 37.Rg3 Be8 38.Rc3 Kc5 39.Ke3 Bc6 40.g3 g5 41.
fxg5 fxg5 42.h4 gxh4 43.gxh4 e5 44.a3 Kb5 45.Rc1 Bd5 46.Rg1 Ka4 47.Kd2 Bf3
48.Kc3 e4 49.Re1 Kb5 50.Kd4 Ka4 51.Re3 Bg4 52.Kxe4 Bd1 53.Kd4 1-0

[Event "26th EUR-ch"]
[Site "Katowice POL"]
[Date "2026.04.13"]
[Round "6.34"]
[White "Rodshtein, Maxim"]
[Black "Tsolakidou, Stavroula"]
[Result "1-0"]
[WhiteElo "2598"]
[BlackElo "2452"]
[EventDate "2026.04.07"]
[PlyCount "79"]

1.Nf3 d5 2.d4 Nf6 3.c4 e6 4.Nc3 c6 5.e3 Nbd7 6.Qc2 Bd6 7.Bd3 dxc4 8.Bxc4 
b5 9.Bd3 Bb7 10.e4 e5 11.Ne2 O-O 12.dxe5 Bxe5 13.O-O a6 14.Rd1 Qe7 15.Ned4
c5 16.Nf5 Qe6 17.Nxe5 Nxe5 18.f3 Nxd3 19.Rxd3 Nxe4 20.Nxg7 Kxg7 21.fxe4 
Bxe4 22.Rg3+ Bg6 23.Qc3+ f6 24.h4 Qd5 25.Be3 Rac8 26.Rf1 b4 27.Qc1 Rf7 28.
Bh6+ Kh8 29.Rd1 Qh5 30.Rd6 Re8 31.Qf4 Qf5 32.Re3 Rg8 33.Qxf5 Bxf5 34.Rxa6 
c4 35.Rc6 Bd3 36.b3 f5 37.Bf4 Rd8 38.Rg3 Re7 39.Bg5 Re1+ 40.Kh2 1-0

[Event "26th EUR-ch"]
[Site "Katowice POL"]
[Date "2026.04.13"]
[Round "6.35"]
[White "Bazakutsa, Svyatoslav"]
[Black "Yuffa, Daniil"]
[Result "0-1"]
[WhiteElo "2477"]
[BlackElo "2595"]
[EventDate "2026.04.07"]
[PlyCount "176"]

1.c4 Nf6 2.Nc3 e5 3.Nf3 Nc6 4.e4 h6 5.h3 Bb4 6.d3 d6 7.a3 Bxc3+ 8.bxc3 b6 
9.Be2 Ne7 10.Nh2 Nd7 11.f4 Ng6 12.O-O Nxf4 13.Bxf4 exf4 14.Rxf4 Nc5 15.Qc2
Qg5 16.Rf3 f5 17.d4 Nxe4 18.c5 Bd7 19.Bd3 O-O 20.cxb6 axb6 21.Bxe4 fxe4 
22.Qxe4 Rae8 23.Rxf8+ Rxf8 24.Rf1 Re8 25.Qf3 Be6 26.Qc6 Re7 27.Qa8+ Kh7 
28.Nf3 Qd5 29.Qd8 Rf7 30.Nd2 Rxf1+ 31.Nxf1 Qc6 32.Qe7 Bg8 33.Qe1 Bd5 34.
Ne3 Be4 35.Qc1 Qb5 36.Kf2 Qg5 37.Qe1 Qh4+ 38.Ke2 Qe7 39.Kf1 Qf7+ 40.Kg1 
Qa2 41.Kh2 Qxa3 42.Nc4 Qa8 43.Qe2 Qe8 44.Nd2 Bc6 45.Qf2 b5 46.h4 Qg6 47.
Nf1 Qe4 48.Ne3 Bd7 49.Kg3 c5 50.dxc5 dxc5 51.Qc2 Qxc2 52.Nxc2 Bc6 53.Ne3 
b4 54.cxb4 cxb4 55.Kf2 b3 56.Nc4 Bd5 57.Nb2 Kg6 58.g3 Kf5 59.Ke3 Kg4 60.
Kf2 Be4 61.Nc4 Bc2 62.Ne3+ Kh5 63.Nc4 Be4 64.Ke3 Bd5 65.Nb2 Kg4 66.Kf2 Bg8
67.Nd3 Bh7 68.Nb2 Kf5 69.Ke3 Ke5 70.Nc4+ Kd5 71.Nb2 Bc2 72.Na4 Kc4 73.Kd2 
Kd4 74.Nb2 Bg6 75.Na4 Bh5 76.Nb2 Bg4 77.Na4 Ke4 78.Nc5+ Kf3 79.Nxb3 Kxg3 
80.Ke3 Kxh4 81.Kf2 g5 82.Nd2 Bc8 83.Nf3+ Kg4 84.Ne5+ Kf4 85.Ng6+ Ke4 86.
Kg3 h5 87.Nh4 gxh4+ 88.Kxh4 Bg4 0-1

[Event "26th EUR-ch"]
[Site "Katowice POL"]
[Date "2026.04.13"]
[Round "6.36"]
[White "Dotzer, Lukas"]
[Black "Schoppen, Casper"]
[Result "1/2-1/2"]
[WhiteElo "2469"]
[BlackElo "2588"]
[EventDate "2026.04.07"]
[PlyCount "39"]

1.e4 c5 2.Nc3 e6 3.Nge2 a6 4.g3 b5 5.Bg2 Bb7 6.O-O Nf6 7.Re1 b4 8.Na4 Bxe4
9.Bxe4 Nxe4 10.d4 d5 11.c4 bxc3 12.dxc5 Nxc5 13.Nexc3 Nxa4 14.Qxa4+ Qd7 
15.Qd4 Nc6 16.Qxd5 Qxd5 17.Nxd5 O-O-O 18.Nb6+ Kb7 19.Be3 Bb4 20.Red1 
1/2-1/2

[Event "26th EUR-ch"]
[Site "Katowice POL"]
[Date "2026.04.13"]
[Round "6.37"]
[White "Lupulescu, Constantin"]
[Black "Kuru, Atilla"]
[Result "0-1"]
[WhiteElo "2587"]
[BlackElo "2444"]
[EventDate "2026.04.07"]
[PlyCount "50"]

1.Nf3 c5 2.b3 d5 3.e3 Nc6 4.Bb5 f6 5.Nc3 e5 6.Ba3 Qa5 7.Qc1 d4 8.Bxc6+ 
bxc6 9.Na4 e4 10.Ng1 Ba6 11.c4 dxc3 12.Qxc3 Qb5 13.O-O-O c4 14.Bxf8 Kxf8 
15.f3 Nh6 16.fxe4 Ng4 17.Nf3 c5 18.e5 cxb3 19.exf6 bxa2 20.fxg7+ Ke7 21.d3
Rhd8 22.g8=N+ Kf8 23.Ne1 Kxg8 24.Qa3 Qb1+ 25.Kd2 Nf2 0-1

[Event "26th EUR-ch"]
[Site "Katowice POL"]
[Date "2026.04.13"]
[Round "6.38"]
[White "Bodrogi, Bendeguz"]
[Black "Socko, Bartosz"]
[Result "1/2-1/2"]
[WhiteElo "2454"]
[BlackElo "2584"]
[EventDate "2026.04.07"]
[PlyCount "257"]

1.Nf3 d5 2.g3 b6 3.Bg2 Bb7 4.c4 dxc4 5.Na3 e6 6.Nxc4 Nd7 7.O-O Be7 8.d3 
Ngf6 9.Bd2 c5 10.a4 O-O 11.Qb3 Ne8 12.Bf4 h6 13.Rfd1 Nc7 14.e4 Na6 15.Nd6 
Bxd6 16.Bxd6 Re8 17.e5 Bd5 18.Qc3 Qc8 19.d4 Qb7 20.Nh4 Bxg2 21.Nxg2 Rac8 
22.Qd3 Nb4 23.Qe2 Nc6 24.Qe4 cxd4 25.b4 b5 26.a5 Nxa5 27.Qxb7 Nxb7 28.Rxa7
Nxd6 29.Rxd7 Nf5 30.Nh4 Re7 31.Rxe7 Nxe7 32.Nf3 d3 33.Rxd3 Nd5 34.Nd4 Rc1+
35.Kg2 Re1 36.Nxb5 Rxe5 37.Rd4 Re2 38.Na7 Rb2 39.Nc6 g5 40.h3 Kg7 41.Kf1 
f5 42.Rd1 Kf6 43.Re1 Nxb4 44.Nxb4 Rxb4 45.Kg2 h5 46.Ra1 h4 47.Ra8 hxg3 48.
Kxg3 Rb3+ 49.Kg2 Rd3 50.Rg8 Rd1 51.Kh2 Rd7 52.Kg3 Rh7 53.Rf8+ Rf7 54.Rg8 
Rc7 55.Kg2 Rg7 56.Ra8 Rb7 57.Rg8 Ra7 58.Kg3 Rd7 59.Kg2 e5 60.Rf8+ Rf7 61.
Re8 Rh7 62.Rf8+ Ke6 63.Rg8 Rh5 64.f3 f4 65.Re8+ Kf6 66.Rf8+ Ke7 67.Ra8 Kf7
68.Rb8 Rh7 69.Rb7+ Kg6 70.Rb6+ Kf5 71.Rb8 Ra7 72.Rf8+ Kg6 73.Rg8+ Kh6 74.
Re8 Ra5 75.Rg8 Kh5 76.Rh8+ Kg6 77.h4 Ra2+ 78.Kg1 Ra3 79.Kg2 Ra2+ 80.Kg1 
gxh4 81.Rxh4 Kf5 82.Kf1 Ke6 83.Rh8 Kd5 84.Rd8+ Kc4 85.Ke1 Rh2 86.Rd7 Rg2 
87.Rd8 Ra2 88.Rd7 Ra3 89.Ke2 Re3+ 90.Kf2 Rd3 91.Rc7+ Kb4 92.Ke2 Rd5 93.Rc8
Rc5 94.Rd8 Kc4 95.Rd7 Ra5 96.Rd8 Ra2+ 97.Ke1 Ra3 98.Ke2 Re3+ 99.Kf2 Rd3 
100.Rc8+ Kd4 101.Rd8+ Kc3 102.Rc8+ Kd2 103.Rc5 Re3 104.Rd5+ Kc3 105.Ra5 
Kb4 106.Rd5 Kc4 107.Rd8 Rb3 108.Ke2 Rb6 109.Rd7 Kc5 110.Rd8 Rd6 111.Ra8 
Kd5 112.Ra5+ Ke6 113.Ra8 Rb6 114.Rd8 Kf6 115.Re8 Re6 116.Rg8 Kf5 117.Kf2 
Ra6 118.Rf8+ Ke6 119.Re8+ Kd6 120.Ke2 Kd5 121.Rd8+ Ke6 122.Re8+ Kf5 123.
Rg8 Ra2+ 124.Kf1 e4 125.Rf8+ Kg5 126.Rg8+ Kf6 127.Rf8+ Kg5 128.Rg8+ Kf5 
129.Rf8+ 1/2-1/2

[Event "26th EUR-ch"]
[Site "Katowice POL"]
[Date "2026.04.13"]
[Round "6.39"]
[White "Dehtiarov, Roman"]
[Black "Pichot, Alan"]
[Result "1-0"]
[WhiteElo "2452"]
[BlackElo "2581"]
[EventDate "2026.04.07"]
[PlyCount "67"]

1.e4 e5 2.Nf3 Nc6 3.Bb5 a6 4.Ba4 Nf6 5.O-O b5 6.Bb3 Bb7 7.d3 Be7 8.a4 O-O 
9.Bd2 b4 10.Bg5 d6 11.Nbd2 Nd7 12.Be3 Na5 13.Ba2 c5 14.c3 Kh8 15.cxb4 cxb4
16.d4 exd4 17.Nxd4 Bf6 18.f3 Nb6 19.Rc1 d5 20.Rc5 Nd7 21.Rc1 Nb6 22.Rc5 
dxe4 23.Nxe4 Nxa4 24.Rxa5 Nxb2 25.Qd2 Qxa5 26.Nxf6 Qxa2 27.Qc2 g6 28.Qf2 
Qa5 29.Qxb2 Rac8 30.Nd7 Rc3 31.Bd2 Rfc8 32.Bxc3 Rxc3 33.Ne2 Qa3 34.Qd2 1-0